1146 1367 1614 1611 1887 1486 1355 1593 1509 1351 1507 1889 1795 1270 1285 1264 1911 1056 1706 1336 1258 1587 1342 1535 1620 1379 1358 1856 1921 1864 1453 1638 1759 1889 1361 1056 1046 1233 1825 1240 1655 1570 1887 1165 1552 1013 1156 1370 1346 1380 1483 1327 1081 1919 1329 1349 1778 1998 1346 1472 1192 1905 1137 1264 1533 1191 1081 1545 1080 1068 1623 1394 1338 1065 1555 1582 1023 1095 1761 1644 1004 1308 1354 1249 1318 1844 1735 1342 1629 1756 1946 1930 1825 1129 1385 1879 1610 1476 1040 BCNSPRNW ULIB Ver.6.0+V

เปลี่ยนเป็นภาษาไทย

Change to English
 แสดงรายละเอียดบรรณานุกรม
  กลับหน้าหลัก

Brief Record : Get Marc (ISO 2709) : E-mail record : QR code < ปิดหน้าต่าง
LEADER : 00000nam 2200000uu 4500
001    13399122086
003     ULIB
008    121225s2550||||th 000 0 tha d
020    ^a9789749935187
090    ^aนว.^bป337ช
100    ^aประภัสสร เสวิกุล.
245    ^aชี้ค /^cประภัสสร เสวิกุล.
250    ^aพิมพ์ครั้งที่ 28
260    ^aกรุงเทพฯ :^bอรุณ,^c2550
300    ^a549 หน้า
945    ^p355^l0^i022035
999    ^aทศพร
รายการนี้ยังไม่มีแท็ก
คุณยังไม่ได้ล็อกอิน คุณสามารถมีกิจกรรมร่วมกับเว็บไซต์ได้ แต่ต้องล็อกอินก่อน ::
  ล็อกอิน

รายการสื่อสารสนเทศ

ลำดับที่ ประเภท เลขเรียก/บาร์โค้ด สถานที่ สถานะ
1. นวนิยาย
นวนิยาย
นว. ป337ช  
  Barcode: 022035
ห้องสมุดวิทยาเขตสวรรค์ประชารักษ์
►นวนิยาย
บนชั้น
  ขอยืม

BibComment


ยังไม่เคยถูกคอมเมนท์

คอมเมนท์ทรัพยากรรายการนี้
  คอมเมนท์: ชี้ค ประภัสสร เ..


 Copyright 2026. Bcnsprnw @Library